000 00822nam a22002657a 4500
001 12152912
003 OSt
005 20140310182441.0
008 000411s2000 ph 000 1 tgl
010 _a 00280425
020 _a9715553168
035 _a(DLC) 00280425
037 _bLibrary of Congress -- Jakarta Overseas Office
_cP225.00
040 _aDLC
_cDLC
042 _alcode
050 _aPL 6165.4
_b.B57S46 2000
100 1 _aBisa, Simplicio P.
_97301
245 1 0 _aSeƱora de la Merced :
_bmay karugtong ang kahapon : nobela /
_cni Simplicio P. Bisa.
260 _aMalate, Maynila, Pilipinas :
_bDe la Salle University Press,
_cc2000.
300 _a186 p. ;
_c21 cm.
906 _a7
_bcbc
_corigode
_d4
_encip
_f20
_gy-gencatlg
942 _2lcc
_cSSLC
_kSSLC
999 _c13527
_d13527